Niall Horan Discography - Statistics

General Stats
  • This quiz has been taken 339 times
    334 since last reset
  • The average score is 11 of 17
Answer Stats
Year Album % Correct
2020 Heartbreak Weather
96%
2017 Flicker
95%
2014 Four
95%
2013 Midnight Memories
95%
2015 Made in the A.M
94%
2012 Take Me Home
94%
2011 Up All Night
94%
2017 Slow Hands
64%
2016 This Town
61%
2019 Nice To Meet Ya
55%
2017 Too Much To Ask
44%
2019 Put A Little Love On Me
42%
2020 No Judgement
40%
2018 On The Loose
34%
2018 Seeing Blind
27%
2019 What a time
22%
2018 Finaly Free
2%
No matching quizzes found
Score Distribution
Percent of People with Each Score
Percentile by Number Answered
Your Score History
You have not taken this quiz since the last reset